000 002970000a22001330004500
003 MACL
040 _aMACL
090 _c42998
_d42996
100 _aAgarwal, Mirgandra
245 _aThe Philosophy of Inspiration
260 _bNew Dawn Press
_c2005
650 _aPhilosophy
942 _cBOOK
_k100/AGA
999 _c42543
_d42543